Statistics for Famous People Born in Tennessee

Click here to take the quiz!

General Stats

  • This quiz has been taken 105 times
  • The average score is 7 of 16

Answer Stats

DescriptionFamous PersonBirth City% Correct
Jolene country singer, 9 to 5 actressDolly PartonSevier County
81%
Actress/singer of Hannah MontanaMiley CyrusFranklin
74%
Sexyback singer, actor of Shrek 3 and TrollsJustin TimberlakeMemphis
67%
What's Love Got to Do with It singerTina TurnerNutbush
63%
Actress and sex symbol of TransformersMegan FoxOak Ridge
56%
Director of Pulp FictionQuentin TarantinoKnoxville
56%
Famed frontiersman, Alamo fighterDavy CrockettLimestone
52%
Star and co-creator of JackassJohnny KnoxvilleKnoxville
52%
Actress of Misery and Bee MovieKathy BatesMemphis
48%
Late actor of Elmo's World and The Polar ExpressMichael JeterLawrenceburg
37%
Zookeeper of the Columbus ZooJack HannaKnoxville
30%
Actress known as Bo Peep in Toy StoryAnnie PottsNashville
22%
Late child actor of The Client and Tom and HuckBrad RenfroKnoxville
22%
Actress known as Judy in ZootopiaGinnifer GoodwinMemphis
22%
Radio host of eponymous radio programDave RamseyAntioch
15%
Late comedian with comedy specials on NetflixRalphie MayChattanooga
11%

Score Distribution

Percentile by Number Answered

Percent of People with Each Score

Your Score History

You have not taken this quiz